000
00216 a2200097 4500
001
14637
100
_a
Muslehuddin
245
_a
Philosophy of Islamic law
260
_a
Lahore
_b
Islamic pubs
_c
090
_c
11423
_d
11423
942
_a
NUST-CAE
_c
M
_c
1585
999
_c
249710
_d
249710